BIBLIOTECA “JULIO CORTÁZAR”
ESCUELA AGROTÉCNICA “LIBERTADOR GENERAL SAN MARTÍN” - UNR – CASILDA

Logo Escuela Logo UNR

El origen y la evolución del hombre / (Record no. 686)

MARC details
000 -LEADER
campo de control de longitud fija 00847nam#a22002895a#4500
001 - NÚMERO DE CONTROL
campo de control 686
008 - DATOS DE LONGITUD FIJA--INFORMACIÓN GENERAL
campo de control de longitud fija 080415s2005####ag#a###d#f####||1#0#spa#d
020 ## - NÚMERO INTERNACIONAL ESTÁNDAR DEL LIBRO
Número Internacional Estándar del Libro 9507016112
080 ## - NÚMERO DE LA CLASIFICACIÓN DECIMAL UNIVERSAL
Número de la Clasificación Decimal Universal 572.4
084 ## - OTRO NÚMERO DE CLASIFICACIÓN
Número de clasificación M38
040 ## - FUENTE DE CATALOGACIÓN
Centro catalogador/agencia de origen AR-ClEAG
Centro/agencia transcriptor AR-ClEAG
005 - FECHA Y HORA DE LA ÚLTIMA TRANSACCIÓN
campo de control 20241107184643.0
003 - IDENTIFICADOR DE NÚMERO DE CONTROL
campo de control AR-ClEAG
100 1# - ENTRADA PRINCIPAL--NOMBRE DE PERSONA
Nombre de persona Meinardi, Elsa.
245 10 - MENCIÓN DEL TÍTULO
Título El origen y la evolución del hombre /
Mención de responsabilidad, etc. Elsa Meinardi y Andrea Revel Chión.
250 ## - MENCION DE EDICION
Mención de edición 1ª ed.
260 ## - PUBLICACIÓN, DISTRIBUCIÓN, ETC.
Lugar de publicación, distribución, etc. Buenos Aires :
Nombre del editor, distribuidor, etc. Aique,
Fecha de publicación, distribución, etc. 2005.
300 ## - DESCRIPCIÓN FÍSICA
Extensión 28 p. +
Material acompañante/anejo Suplemento del libro de Biología (368 p.) :
Otras características físicas il. ;
Dimensiones 24 cm.
653 ## - TÉRMINO DE INDIZACIÓN--NO CONTROLADO
Término no controlado Evolución del hombre
653 ## - TÉRMINO DE INDIZACIÓN--NO CONTROLADO
Término no controlado Razzas humanas y racismo
653 ## - TÉRMINO DE INDIZACIÓN--NO CONTROLADO
Término no controlado Evolución cultural
653 ## - TÉRMINO DE INDIZACIÓN--NO CONTROLADO
Término no controlado Primeros pobladores de América
653 ## - TÉRMINO DE INDIZACIÓN--NO CONTROLADO
Término no controlado Proceso de hominización
653 ## - TÉRMINO DE INDIZACIÓN--NO CONTROLADO
Término no controlado Teoría de Darwin
700 1# - ENTRADA AGREGADA--NOMBRE PERSONAL
Nombre de persona Revel Chión, Elsa.
942 ## - ELEMENTOS DE ENTRADA SECUNDARIOS (KOHA)
Tipo de ítem Koha Libros
980 ## - EQUIVALENCIA O REFERENCIA-CRUZADA-MENCIÓN DE SERIE--NOMBRE DE PERSONA/TÍTULO [LOCAL, CANADÁ]
Enlace 2
Nombre de persona Evangelina Gallicchio
Enlace entre campo y número de secuencia 2
Información miscelánea Evangelina Gallicchio
Holdings
Estatus retirado Estado de pérdida Fuente del sistema de clasificación o colocación Estado de daño No para préstamo Biblioteca de origen Biblioteca actual Ubicación en estantería Fecha de adquisición Número de inventario Total de préstamos Signatura topográfica completa Código de barras Visto por última vez Precio de reemplazo Tipo de ítem Koha
    Clasificación decimal universal     Julio Cortázar Julio Cortázar   07/11/2024 2480   R07 572.4 M38 1 Ej.1 2480 07/11/2024 07/11/2024 Libros
    Clasificación decimal universal     Julio Cortázar Julio Cortázar   07/11/2024 2492   R07 572.4 M38 Ej.2 2492 07/11/2024 07/11/2024 Libros
    Clasificación decimal universal     Julio Cortázar Julio Cortázar   07/11/2024 2713   R07 572.4 M38 3 Ej.3 2713 07/11/2024 07/11/2024 Libros

Contacto

Biblioteca Julio Cortázar. Escuela Agrotécnica "Libertador San Martín". Universidad Nacional de Rosario
Dirección: Ov. Lagos 1000 - 2170 Casilda - Santa Fe - Argentina
Tel: (54) (03464) 422226.
Fax: (54) (03464) 427789.
E-Mail: biblio-eac@unr.edu.ar